000 01377cam a22004454i 4500
003 PE-LiUPU
005 20250731184558.0
008 150706s r 000 0 d
035 _a(Sirsi) a49068
040 _aPE-LiUPU
_bspa
_cPE-LiUPU
_erda
049 _aPRUA
082 0 4 _a933
_bP451h
_221
100 1 _aPerlman, Moshe,
_eautor.
245 1 0 _aHistorical sites in Israel /
_cMoshe Pearlman y Yaacov Yannai.
264 1 _aTel Aviv :
_bMassadah-P.E.C. Press,
_c[1964].
300 _a286 páginas :
_bilustraciones, mapas, graficos, color ;
_c28 cm.
336 _atext
_2rdacontent
337 _aunmediated
_2rdamedia
338 _avolume
_2rdacarrier
505 0 _aViajes a Israel -- Viajes a Palestina.
526 _aP136
526 _aP135
526 _aP134
526 _aP133
526 _aP144
526 _aP143
526 _aP87
526 _aP35
526 _aP20
526 _aP14
526 _aP10
526 _aP06
651 _aIsrael
_xAntigüedades
_95033
651 _aIsrael
_xDescripción y viajes.
910 _agl
942 _2ddc
_cBK
949 _a111 P45
_wDEWEY
_c1
_i62316
_lCCODEBUL1
_mBUL
_p54.00
_r0
_sY
_tLIBRO
_u2015-07-06
_xTEOLOGIA
_o.STAFF. Colección General
999 _c51375
_d51375
980 _81
_gALBERTO SANCHEZ Responsable de Automatización